<?xml version="1.0" encoding="UTF-8"?>
<record
    xmlns:xsi="http://www.w3.org/2001/XMLSchema-instance"
    xsi:schemaLocation="http://www.loc.gov/MARC21/slim http://www.loc.gov/standards/marcxml/schema/MARC21slim.xsd"
    xmlns="http://www.loc.gov/MARC21/slim">

  <leader>00910nam a2200193   4500</leader>
  <controlfield tag="005">20260206161515.0</controlfield>
  <controlfield tag="008">260123b        |||||||| |||| 00| 0 eng d</controlfield>
  <datafield tag="020" ind1=" " ind2=" ">
    <subfield code="a">9781933820309</subfield>
  </datafield>
  <datafield tag="041" ind1=" " ind2=" ">
    <subfield code="a">English</subfield>
  </datafield>
  <datafield tag="082" ind1=" " ind2=" ">
    <subfield code="a">745.4</subfield>
    <subfield code="b">GEL</subfield>
  </datafield>
  <datafield tag="100" ind1=" " ind2=" ">
    <subfield code="a">Gelman Debra Levin</subfield>
    <subfield code="9">216472</subfield>
  </datafield>
  <datafield tag="245" ind1=" " ind2=" ">
    <subfield code="a">Design For Kids: Digital Products for Playing and Learning</subfield>
  </datafield>
  <datafield tag="260" ind1=" " ind2=" ">
    <subfield code="a">New York</subfield>
    <subfield code="b">Rosenfeld Media</subfield>
    <subfield code="c">2014</subfield>
  </datafield>
  <datafield tag="300" ind1=" " ind2=" ">
    <subfield code="a">232</subfield>
  </datafield>
  <datafield tag="365" ind1=" " ind2=" ">
    <subfield code="b">2726.46</subfield>
    <subfield code="c">Rs.00</subfield>
  </datafield>
  <datafield tag="520" ind1=" " ind2=" ">
    <subfield code="a">Chapter 1: Kids and Design
Chapter 2: Playing and Learning
Chapter 3: Development and Cognition
Chapter 4: Kids 2-4: Little People, Big Expectations
Chapter 5: Kids 4-6: The &#x201C;Muddy Middle&#x201D;
Chapter 6: Kids 6-8: The Big Kids
Chapter 7: Kids 8-10: The &#x201C;Cool&#x201D; Factor
Chapter 8: Kids 10-12: Growing Up
&gt;Chapter 9: Design Research
Chapter 10: An App for All Ages
Chapter 11: Putting It All Together

</subfield>
  </datafield>
  <datafield tag="650" ind1=" " ind2=" ">
    <subfield code="a">Design</subfield>
  </datafield>
  <datafield tag="942" ind1=" " ind2=" ">
    <subfield code="c">BK</subfield>
  </datafield>
  <datafield tag="999" ind1=" " ind2=" ">
    <subfield code="c">370137</subfield>
    <subfield code="d">370137</subfield>
  </datafield>
  <datafield tag="952" ind1=" " ind2=" ">
    <subfield code="0">0</subfield>
    <subfield code="1">0</subfield>
    <subfield code="2">ddc</subfield>
    <subfield code="4">0</subfield>
    <subfield code="7">0</subfield>
    <subfield code="a">SOFT</subfield>
    <subfield code="b">SOFT</subfield>
    <subfield code="d">2026-01-21</subfield>
    <subfield code="e">Design Book Studio</subfield>
    <subfield code="g">2726.46</subfield>
    <subfield code="i">285</subfield>
    <subfield code="l">0</subfield>
    <subfield code="o">745.4 GEL</subfield>
    <subfield code="p">SOFT-BK-4887</subfield>
    <subfield code="r">2026-01-23 10:21:33</subfield>
    <subfield code="t">33%</subfield>
    <subfield code="v">4069.35</subfield>
    <subfield code="w">2025-12-12</subfield>
    <subfield code="y">BK</subfield>
  </datafield>
</record>
